| 000 | 00992nam a22002417a 4500 | ||
|---|---|---|---|
| 999 |
_c22341 _d22341 |
||
| 003 | AR-CdUCM | ||
| 008 | 190429b ||||| |||| 00| 0 spa d | ||
| 040 |
_aMUNICIPALIDAD PROVINCIAL DEL CUSCO _cBIBLIOTECA MUNICIPAL DEL CUSCO |
||
| 082 | _aTinkuy /N°6/1978 | ||
| 245 | _aTinkuy / | ||
| 260 |
_aCusco. _bTinkuy, _c1978. |
||
| 300 |
_a93 páginas. : _c27 cm. |
||
| 440 |
_aTinkuy. _nN°6, 1978. _947883 |
||
| 505 | _aContenido: Mercados y campesinos. -- Mercados. -- Las sociedades precapitalistas y las economías sin sistema de mercado. -- Mercados ferias pre hispánicas en el área andina. -- El rol de la demanda urbana en el desarrollo del sistema de ferias semanales en el departamento de Puno. | ||
| 650 |
_aAntropología cusqueña _945862 |
||
| 650 |
_aEconomía campesina _92215 |
||
| 700 |
_aSamaniego Díaz, Ramiro _947884 |
||
| 700 |
_aBohannan, Paul _947885 |
||
| 700 |
_aHartmann, Roswith _946309 |
||
| 700 |
_aAppleby, Gordon _947886 |
||
| 942 |
_2ddc _cPP |
||
| 945 | _arac | ||